1839 1413 1764 1539 1945 1713 1453 1086 1224 1147 1958 1825 1403 1129 1761 1940 1566 1142 1653 1763 1632 1161 1500 1380 1727 1423 1650 1768 1421 1785 1694 1782 1076 1590 1605 1326 1827 1322 1735 1051 1231 1146 1723 1935 1810 1326 1443 1763 1030 1247 1704 1874 1061 1858 1900 1258 1384 1011 1317 1251 1666 1630 1685 1627 1745 1352 1448 1981 1421 1305 1749 1451 1968 1240 1409 1411 1069 1182 1433 1470 1683 1628 1046 1640 1447 1789 1509 1329 1702 1760 1061 1185 1211 1886 1176 1824 1176 1990 1060 BCNSPRNW ULIB Ver.6.0+V

เปลี่ยนเป็นภาษาไทย

Change to English
 แสดงรายละเอียดบรรณานุกรม
  กลับหน้าหลัก

Brief Record : Get Marc (ISO 2709) : E-mail record : QR code < ปิดหน้าต่าง
LEADER : 00000nam 2200000uu 4500
001    13399128861
003     ULIB
008    241021s2565||||th 000 0 tha d
020    ^a9786168321140
050    ^aนว^bธ291ล
100    ^aธมธร
245    ^aเลศตะวัน/^cธมธร
260    ^aกรุงเทพฯ :^bดีต่อใจ,^c2565
300    ^a344 หน้า;^b21 ซม.
650    ^aนวนิยายไทย
945    ^p300^l0^i011120
999    ^aประนอม เกษจรัล
รายการนี้ยังไม่มีแท็ก
คุณยังไม่ได้ล็อกอิน คุณสามารถมีกิจกรรมร่วมกับเว็บไซต์ได้ แต่ต้องล็อกอินก่อน ::
  ล็อกอิน

รายการสื่อสารสนเทศ

ลำดับที่ ประเภท เลขเรียก/บาร์โค้ด สถานที่ สถานะ
1. นวนิยาย
นวนิยาย
นว ธ291ล ฉ.1 
  Barcode: 011120
ห้องสมุดวิทยาเขตสวรรค์ประชารักษ์
►นวนิยาย
บนชั้น
  ขอยืม

รายการใกล้เคียง
    ผู้แต่ง [ธมธร]

    หัวเรื่อง [นวนิยายไทย]

BibComment


ยังไม่เคยถูกคอมเมนท์

คอมเมนท์ทรัพยากรรายการนี้
  คอมเมนท์: เลศตะวัน ธมธร


 Copyright 2026. Bcnsprnw @Library